| 000 | 00396nmm a2200145Ia 4500 | ||
|---|---|---|---|
| 008 | 251105s9999||||xx |||||||||||||||||und|| | ||
| 041 | _aspa | ||
| 100 | _aColombo, Massimiliano | ||
| 245 | 0 | _aCenturio | |
| 264 |
_a[Madrid, España] : _bEdiciones B, _c2016 |
||
| 300 | _a448 páginas | ||
| 650 | _aHistorical fiction | ||
| 856 | _uhttps://public.digitaliapublishing.com/a/53873 | ||
| 942 | _cCF | ||
| 999 |
_c106079 _d106079 |
||